000
00277nam a2200121Ia 4500
008
220204s9999 xx 000 0 und d
082
_a
334.1
_b
PIL
100
_a
PILLI, R V
245
0
_a
Cooperation
260
_a
Trivandrum
_c
1960
700
_a
VELAPPAN ALAPPATT
942
_c
BK
999
_c
20097
_d
20097